[Event "Championnat de France - Open C"]
[Site "Caen"]
[Date "2011.08.22"]
[Round "6.9"]
[White "Martineau, Arthur"]
[Black "Braun, Jean-Baptiste"]
[Result "0-1"]
[WhiteElo "1713"]
[BlackElo "1702"]
[PlyCount "98"]

1. d4 b6 2. c4 Bb7 3. Nc3 e6 4. Qc2 Bb4 5. a3 Bxc3+ 6. bxc3 Nf6 7. Bg5 h6 8.
Bh4 g5 9. Bg3 Ne4 10. e3 h5 11. Be5 f6 12. f3 fxe5 13. fxe4 g4 14. d5 exd5 15.
exd5 Qg5 16. Kd2 Na6 17. Bd3 O-O-O 18. Ne2 Rdf8 19. Rhf1 Nc5 20. Ng3 Qh4 21.
Ne4 Nxd3 22. Kxd3 d6 23. a4 a5 24. Qe2 Kb8 25. g3 Qe7 26. Rxf8+ Rxf8 27. h4 Qf7
28. Nd2 Qf2 29. Rf1 Qxe2+ 30. Kxe2 Rxf1 31. Kxf1 Bc8 32. Ke1 Bd7 33. Kd1 Bxa4+
34. Kc1 c6 35. Kb2 cxd5 36. cxd5 Be8 37. c4 Bg6 38. Kb3 Kb7 39. e4 Ka6 40. Ka4
Be8+ 41. Ka3 b5 42. Kb3 b4 43. Nf1 Bg6 44. Nd2 Kb6 45. Ka4 Be8+ 46. Kb3 Kc5 47.
Nf1 a4+ 48. Kb2 a3+ 49. Ka2 Kd4 0-1

[Event "Championnat de France - Open C"]
[Site "Caen"]
[Date "2011.08.22"]
[Round "6.10"]
[White "Gautier, Anand"]
[Black "Lagarde, Benjamin"]
[Result "1-0"]
[WhiteElo "1663"]
[BlackElo "1710"]
[PlyCount "53"]

1. e4 g6 2. d4 Bg7 3. c3 d6 4. f4 Nd7 5. Nf3 c5 6. d5 Ngf6 7. e5 dxe5 8. fxe5
Ng4 9. e6 Nde5 10. h3 Nxf3+ 11. Qxf3 Ne5 12. Bb5+ Kf8 13. Qd1 a6 14. Ba4 b5 15.
Bb3 fxe6 16. O-O+ Kg8 17. Bf4 exd5 18. Qe2 Nf7 19. Nd2 e5 20. Bh2 e4 21. Rad1
Qb6 22. Nxe4 dxe4 23. Qxe4 Bb7 24. Qe7 Rf8 25. Rd7 c4+ 26. Kh1 Ba8 27. Rxf7 1-0

[Event "Championnat de France - Open C"]
[Site "Caen"]
[Date "2011.08.23"]
[Round "7.1"]
[White "David, Sebastien"]
[Black "Perrot, Pierre"]
[Result "1-0"]
[WhiteElo "1763"]
[BlackElo "1712"]
[PlyCount "91"]

1. Nf3 Nf6 2. c4 g6 3. g3 Bg7 4. Bg2 O-O 5. O-O d6 6. d4 Nc6 7. Nc3 e5 8. dxe5
Nxe5 9. Nxe5 dxe5 10. Qb3 c6 11. Rd1 Qc7 12. Be3 Re8 13. Bc5 Bf8 14. Bxf8 Rxf8
15. c5 Be6 16. Qb4 Rad8 17. Qa4 Qb8 18. Rxd8 Rxd8 19. Rd1 Rxd1+ 20. Qxd1 Ne8
21. Qa4 f6 22. f4 f5 23. fxe5 Qxe5 24. Qxa7 Qe3+ 25. Kf1 Qc1+ 26. Kf2 Qxb2 27.
Qb8 Bf7 28. Qe5 Qd2 29. a4 Qd8 30. h4 Ng7 31. Bf3 Ne6 32. Ke3 h5 33. Bg2 Qe7
34. Qd6 Qf6 35. Kd3 Kg7 36. a5 Nd8 37. Qf4 Ne6 38. Qd6 Qd8 39. Qxd8 Nxd8 40. e4
fxe4+ 41. Nxe4 Bd5 42. Bh3 Bxe4+ 43. Kxe4 Kf6 44. Bc8 Ne6 45. Bxb7 Nxc5+ 46.
Kf3 1-0

[Event "Championnat de France - Open C"]
[Site "Caen"]
[Date "2011.08.23"]
[Round "7.2"]
[White "Braun, Jean-Baptiste"]
[Black "Ginovart, Axel"]
[Result "1/2-1/2"]
[WhiteElo "1702"]
[BlackElo "1793"]
[PlyCount "119"]

1. e4 c5 2. d3 Nc6 3. c3 Nf6 4. f4 d6 5. Nf3 Qc7 6. Be2 g6 7. h3 Nh5 8. g4 Ng3
9. Rh2 h5 10. g5 Bg7 11. Be3 Rb8 12. Nbd2 Qa5 13. Kf2 Nxe2 14. Qxe2 b5 15. d4
cxd4 16. Nxd4 Bd7 17. Nxc6 Bxc6 18. Nb3 Qc7 19. Bd4 O-O 20. Bxg7 Kxg7 21. Nd4
Bd7 22. e5 d5 23. Kg1 e6 24. Qe3 b4 25. Rc2 Qb6 26. Kf2 bxc3 27. bxc3 Rfc8 28.
Nb3 Ba4 29. Qxb6 Rxb6 30. Rb1 d4 31. c4 Rb4 32. Ke2 Rcxc4 33. Rxc4 Rxc4 34. Kd3
Rb4 35. Rc1 Bxb3 36. axb3 Rxb3+ 37. Kxd4 Rxh3 38. Ra1 h4 39. Rxa7 Rh1 40. Ra2
h3 41. Re2 h2 42. Ke3 Kf8 43. Ke4 Ke8 44. Ke3 Kd7 45. Rd2+ Kc6 46. Rc2+ Kd5 47.
Rd2+ Kc4 48. Rc2+ Kb4 49. Rb2+ Kc3 50. Rd2 Kc4 51. Rc2+ Kb3 52. Re2 Kc3 53. Ke4
Rf1 54. Rxh2 Re1+ 55. Kf3 Kd3 56. Ra2 Rf1+ 57. Kg3 Ke4 58. Ra4+ Ke3 59. Ra3+
Ke2 60. Ra2+ 1/2-1/2

[Event "Championnat de France - Open C"]
[Site "Caen"]
[Date "2011.08.23"]
[Round "7.3"]
[White "Rost, Pierre"]
[Black "Zounani, Yacine"]
[Result "1-0"]
[WhiteElo "1783"]
[BlackElo "1583"]
[PlyCount "133"]

1. e4 e6 2. d4 d5 3. Nd2 Nf6 4. e5 Nfd7 5. Bd3 c5 6. c3 Nc6 7. Ne2 cxd4 8. cxd4
f6 9. Nf4 Nb6 10. Qh5+ Kd7 11. Bb5 Bb4 12. O-O Kc7 13. Bxc6 bxc6 14. a3 Bxd2
15. Bxd2 Qe8 16. Bb4 a5 17. Bc5 Nc4 18. b4 fxe5 19. dxe5 Qxh5 20. Nxh5 g6 21.
Nf4 Re8 22. Nd3 Ba6 23. Rfd1 Bb5 24. a4 Ba6 25. bxa5 Nxa5 26. Bd6+ Kc8 27. f4
Nc4 28. Bc5 Kc7 29. Bd4 Reb8 30. Nc5 Bc8 31. Rd3 Na5 32. Rh3 h5 33. Rg3 Nb7 34.
Rxg6 Nxc5 35. Bxc5 Rb3 36. a5 Rb5 37. Bb6+ Kb8 38. Rc1 Bd7 39. Rh6 Rbxa5 40.
Bxa5 Rxa5 41. Rxh5 c5 42. g4 Ra4 43. Rxc5 Rxf4 44. Rg5 Kb7 45. h4 d4 46. Rc2
Bc6 47. Rd2 Bf3 48. h5 Bxg4 49. h6 Bf5 50. Rh5 Rg4+ 51. Kf2 Rf4+ 52. Kg3 Rg4+
53. Kf3 Rg8 54. Rxd4 Rh8 55. Kf4 Kc6 56. Kg5 Kc5 57. Rd6 Rh7 58. Kf6 Bg4 59.
Rh4 Bf5 60. Rxe6 Bxe6 61. Kxe6 Kc6 62. Kf6 Kd5 63. Kg6 Rh8 64. Kg7 Ra8 65. h7
Ra6 66. h8=Q Ra7+ 67. Kf6 1-0

[Event "Championnat de France - Open C"]
[Site "Caen"]
[Date "2011.08.23"]
[Round "7.4"]
[White "Dubois, Marie"]
[Black "Gautier, Anand"]
[Result "1-0"]
[WhiteElo "1755"]
[BlackElo "1663"]
[PlyCount "87"]

1. d4 Nf6 2. c4 g6 3. f3 Bg7 4. e4 d6 5. Nc3 O-O 6. Be3 e5 7. d5 Ne8 8. Bd3 f5
9. exf5 gxf5 10. Nge2 Na6 11. a3 Nc5 12. Bc2 Qe7 13. O-O Kh8 14. f4 e4 15. Bd4
Nf6 16. b4 Ncd7 17. Ng3 Ng4 18. Rb1 Qh4 19. h3 Qxg3 20. hxg4 Qxg4 21. Nb5 Qxd1
22. Bxg7+ Kxg7 23. Rfxd1 Nf6 24. Nxc7 Rb8 25. Ne6+ Bxe6 26. dxe6 Ne8 27. Ba4
Kf6 28. Bd7 Ke7 29. Rb3 Nf6 30. c5 dxc5 31. bxc5 Nxd7 32. exd7 Rfd8 33. Rh3 Rh8
34. Rh6 Rbd8 35. Rhd6 Rhg8 36. R1d5 Rg6 37. Re5+ Kf7 38. Rxf5+ Kg7 39. Rfd5
Rxd6 40. Rxd6 Kf7 41. f5 b6 42. c6 Ke7 43. Re6+ Kf7 44. c7 1-0

[Event "Championnat de France - Open C"]
[Site "Caen"]
[Date "2011.08.23"]
[Round "7.5"]
[White "Malassagne, Isabelle"]
[Black "Lemaire, Olivier"]
[Result "1-0"]
[WhiteElo "1704"]
[BlackElo "1763"]
[PlyCount "43"]

1. e4 c5 2. Nc3 d6 3. f4 Nc6 4. Bb5 Bd7 5. Nf3 Nf6 6. d3 a6 7. Bxc6 Bxc6 8. O-O
g6 9. Qe1 Bg7 10. Qh4 O-O 11. f5 b5 12. Bh6 Nh5 13. Bxg7 Kxg7 14. Ng5 h6 15.
fxg6 hxg5 16. Qxh5 fxg6 17. Qxg5 e5 18. Qg3 Qe7 19. Rf5 b4 20. Rg5 bxc3 21.
Rxg6+ Kh7 22. Qg4 1-0

[Event "Championnat de France - Open C"]
[Site "Caen"]
[Date "2011.08.23"]
[Round "7.6"]
[White "Joudelat, Noemie"]
[Black "Nouhaud, Laurent"]
[Result "1-0"]
[WhiteElo "1733"]
[BlackElo "1793"]
[PlyCount "83"]

1. e4 Nc6 2. d4 d5 3. e5 Bf5 4. Nc3 e6 5. a3 f6 6. exf6 Qxf6 7. Be3 Qg6 8. Rc1
Nf6 9. Nf3 Bg4 10. Be2 Bd6 11. h3 Bxf3 12. Bxf3 O-O 13. Nb5 Na5 14. Nxd6 cxd6
15. b3 Rac8 16. O-O Rc7 17. Bf4 Rfc8 18. Bxd6 Rxc2 19. Rxc2 Qxc2 20. Qe1 Nxb3
21. Qxe6+ Kh8 22. Be5 Qc6 23. Qf7 Nd2 24. Bg4 Nxf1 25. Bxc8 Qxc8 26. Bxf6 gxf6
27. Qxf6+ Kg8 28. Qg5+ Kf8 29. Qf4+ Ke7 30. Kxf1 Qc4+ 31. Kg1 Qb3 32. Qh4+ Ke6
33. Qh6+ Kf7 34. Qxh7+ Kf6 35. Qh4+ Ke6 36. Qg4+ Ke7 37. h4 Qxa3 38. Qg5+ Ke6
39. Qe5+ Kd7 40. Qxd5+ Ke8 41. Qe5+ Kf7 42. d5 1-0

[Event "Championnat de France - Open C"]
[Site "Caen"]
[Date "2011.08.23"]
[Round "7.7"]
[White "Lanusse, Matthieu"]
[Black "Hoerdt, Audran"]
[Result "0-1"]
[WhiteElo "1790"]
[BlackElo "1707"]
[PlyCount "122"]

1. e4 e6 2. d4 d5 3. exd5 exd5 4. c4 Be6 5. cxd5 Bxd5 6. Nf3 Bxf3 7. Qxf3 Nc6
8. Bb5 Bb4+ 9. Nc3 Nge7 10. Be3 O-O 11. O-O-O a6 12. Bd3 Bxc3 13. bxc3 b5 14.
Be4 Qd7 15. Qh5 g6 16. Qc5 Rad8 17. Bf4 Qg4 18. g3 Qd7 19. d5 Na5 20. d6 cxd6
21. Bxd6 Rfe8 22. Bc7 Qc8 23. Rxd8 Rxd8 24. Bb6 Qxc5 25. Bxc5 Rd7 26. Rd1 Rxd1+
27. Kxd1 Nec6 28. f4 Nb8 29. Bd5 Nd7 30. Bb4 Nf6 31. Bxf7+ Kxf7 32. Bxa5 Ng4
33. h4 Ne3+ 34. Ke2 Nf5 35. Kf3 Ke6 36. Bd8 Kd5 37. g4 Nd6 38. Be7 Ne4 39. Bb4
Nd2+ 40. Ke2 Nc4 41. Be7 Ke4 42. f5 gxf5 43. g5 f4 44. h5 Kf5 45. Bf6 Nd6 46.
Bd8 Nf7 47. g6 hxg6 48. hxg6 Kxg6 49. Bc7 Kf5 50. Kd3 Ne5+ 51. Kc2 Ke4 52. Kb3
f3 53. Bb6 Nc4 54. Bf2 Kd3 55. Bh4 Nd2+ 56. Kb4 Ne4 57. a4 Nxc3 58. axb5 axb5
59. Be1 Ne4 60. Kxb5 Nd6+ 61. Kc5 Ke2 0-1

[Event "Championnat de France - Open C"]
[Site "Caen"]
[Date "2011.08.23"]
[Round "7.8"]
[White "Saucey, Capucine"]
[Black "Rubini, Xavier"]
[Result "1-0"]
[WhiteElo "1788"]
[BlackElo "1675"]
[PlyCount "105"]

1. e4 c6 2. d4 d5 3. Nc3 dxe4 4. Nxe4 Bf5 5. Ng3 Bg6 6. Nf3 Nf6 7. Bc4 Nd5 8.
O-O e6 9. Re1 Be7 10. Bxd5 cxd5 11. c3 Nd7 12. Bf4 O-O 13. Rc1 b5 14. Nf1 Qa5
15. Qe2 a6 16. a3 Rfc8 17. N1d2 Bh5 18. Qe3 Bxf3 19. Qxf3 Rc6 20. Re3 Rac8 21.
g4 Qd8 22. Kg2 Nb6 23. Rh1 Bg5 24. Bxg5 Qxg5 25. h4 Qg6 26. Qd1 Nc4 27. Nxc4
bxc4 28. h5 Qg5 29. Kg3 h6 30. f4 Qd8 31. Rf1 Rb6 32. Qc1 Rcb8 33. Re2 Rb3 34.
Rff2 Qb6 35. Kh4 a5 36. g5 Qd8 37. Rg2 R8b6 38. Kh3 hxg5 39. Rxg5 Qf6 40. Reg2
Qxd4 41. Rxg7+ Qxg7 42. Rxg7+ Kxg7 43. Qg1+ Kh7 44. Qb1+ Kg7 45. Qg1+ Kh7 46.
Qg5 Rb8 47. Qf6 R3b7 48. f5 exf5 49. Qxf5+ Kg7 50. Qxd5 Rxb2 51. Qg5+ Kh7 52.
Qf6 R8b7 53. h6 1-0

[Event "Championnat de France - Open C"]
[Site "Caen"]
[Date "2011.08.23"]
[Round "7.9"]
[White "Desgranges, Christophe"]
[Black "Le Bail, Stephane"]
[Result "0-1"]
[WhiteElo "1700"]
[BlackElo "1776"]
[PlyCount "86"]

1. d4 d5 2. c4 e6 3. Nc3 Nf6 4. cxd5 exd5 5. Bg5 Be7 6. e3 h6 7. Bh4 O-O 8. Qc2
a6 9. Bd3 Nbd7 10. Nf3 c6 11. a4 Re8 12. O-O Ne4 13. Bxe7 Qxe7 14. Rab1 f5 15.
b4 Ndf6 16. b5 Nxc3 17. Qxc3 Ne4 18. Bxe4 fxe4 19. Ne5 axb5 20. axb5 c5 21. f3
cxd4 22. exd4 Bf5 23. fxe4 Bxe4 24. Rb2 Rac8 25. Qg3 Rf8 26. Rbf2 Rxf2 27. Rxf2
Rc1+ 28. Rf1 Rxf1+ 29. Kxf1 Qb4 30. h3 Qxb5+ 31. Kg1 Qb2 32. Qf2 Qc1+ 33. Kh2
Qc7 34. Qb2 b6 35. Kg1 Kh7 36. Ng4 Qg3 37. Qe2 Qc3 38. Qf2 b5 39. Nh2 b4 40.
Nf1 b3 41. Nd2 b2 42. Nxe4 b1=Q+ 43. Kh2 Qxe4 0-1

[Event "Championnat de France - Open C"]
[Site "Caen"]
[Date "2011.08.23"]
[Round "7.10"]
[White "Drochon, Francois"]
[Black "Bricquir, Stephane"]
[Result "1/2-1/2"]
[WhiteElo "1763"]
[BlackElo "1703"]
[PlyCount "53"]

1. d4 d5 2. e3 c6 3. Nf3 Bf5 4. Bd3 e6 5. O-O Nd7 6. b3 Ngf6 7. Bb2 Bd6 8. c4
Bxd3 9. Qxd3 Ne4 10. Nbd2 f5 11. Ne5 Nxd2 12. Qxd2 Nxe5 13. dxe5 Be7 14. cxd5
cxd5 15. Qe2 O-O 16. f4 Qa5 17. a3 Rfc8 18. b4 Qd8 19. Rfc1 Rxc1+ 20. Rxc1 Rc8
21. Rc2 Rxc2 22. Qxc2 a5 23. b5 Qb6 24. Qd3 Qc5 25. Kf2 Kf7 26. h3 Qb6 27. Bd4
1/2-1/2

[Event "Championnat de France - Open C"]
[Site "Caen"]
[Date "2011.08.24"]
[Round "8.1"]
[White "Rost, Pierre"]
[Black "David, Sebastien"]
[Result "1/2-1/2"]
[WhiteElo "1783"]
[BlackElo "1763"]
[PlyCount "44"]

1. e4 e6 2. d4 d5 3. Nd2 dxe4 4. Nxe4 Nf6 5. Nxf6+ Qxf6 6. Nf3 h6 7. Bd3 Bd6 8.
O-O O-O 9. Qe2 Bd7 10. Qe4 Rd8 11. c4 Bc6 12. d5 exd5 13. cxd5 Bxd5 14. Qh7+
Kf8 15. Re1 Be6 16. Bc4 Bb4 17. Be3 g5 18. Bxe6 fxe6 19. Red1 Bd6 20. Bd4 Rd7
21. Qxd7 Nxd7 22. Bxf6 Nxf6 1/2-1/2

[Event "Championnat de France - Open C"]
[Site "Caen"]
[Date "2011.08.24"]
[Round "8.2"]
[White "Dubois, Marie"]
[Black "Malassagne, Isabelle"]
[Result "0-1"]
[WhiteElo "1755"]
[BlackElo "1704"]
[PlyCount "94"]

1. d4 Nf6 2. c4 c5 3. d5 b5 4. cxb5 a6 5. b6 Qxb6 6. Nc3 d6 7. e4 g6 8. Nf3 Bg7
9. Nd2 O-O 10. Be2 Nbd7 11. O-O Qb7 12. a4 Rb8 13. a5 Ne8 14. Nc4 Nc7 15. Bf4
Qa7 16. Qd2 Nb5 17. Nxb5 Rxb5 18. Rfb1 Rb4 19. Bh6 Bxh6 20. Qxh6 Nf6 21. f3 Bd7
22. Ra3 Bb5 23. Rc3 Qc7 24. g4 Bxc4 25. Bxc4 Qxa5 26. Qc1 Qb6 27. h4 Rb8 28.
Rc2 Nd7 29. f4 a5 30. h5 a4 31. hxg6 fxg6 32. Rh2 a3 33. b3 Qd8 34. f5 Qf8 35.
Qc3 Ne5 36. fxg6 hxg6 37. Rf1 Qg7 38. g5 Nxc4 39. Qh3 Qd4+ 40. Rff2 Qd1+ 41.
Kg2 Ne3+ 42. Qxe3 Qg4+ 43. Qg3 Qxg3+ 44. Kxg3 Rxb3+ 45. Kg2 Rb2 46. Kf3 R8b3+
47. Kg4 c4 0-1

[Event "Championnat de France - Open C"]
[Site "Caen"]
[Date "2011.08.24"]
[Round "8.3"]
[White "Ginovart, Axel"]
[Black "Joudelat, Noemie"]
[Result "1/2-1/2"]
[WhiteElo "1793"]
[BlackElo "1733"]
[PlyCount "138"]

1. e4 c5 2. Nc3 Nc6 3. Bb5 d6 4. Bxc6+ bxc6 5. f4 d5 6. d3 e6 7. Nf3 Bd6 8. O-O
Ne7 9. Na4 O-O 10. e5 Bc7 11. Nxc5 Bb6 12. d4 Bxc5 13. dxc5 Ba6 14. Re1 Rb8 15.
b3 Ng6 16. Kh1 Qe7 17. a4 Rfc8 18. Qd4 Nh4 19. Nxh4 Qxh4 20. Be3 Qd8 21. Bd2
Qc7 22. Re3 Rf8 23. Rae1 Rbe8 24. Rg3 Kh8 25. Rh3 f6 26. Rhe3 Qd7 27. c4 f5 28.
cxd5 exd5 29. Bc3 Re6 30. Rb1 Rb8 31. Be1 Kg8 32. Qd2 Qe7 33. Qa5 Bc8 34. Rh3
g5 35. fxg5 Rxe5 36. Bg3 f4 37. Bxf4 Bxh3 38. Bxe5 Qxe5 39. Re1 Bxg2+ 40. Kxg2
Qxg5+ 41. Kh1 Qf6 42. Rg1+ Kh8 43. Qe1 Rf8 44. b4 Qf3+ 45. Rg2 Qf1+ 46. Qxf1
Rxf1+ 47. Rg1 Rf4 48. Rb1 a6 49. Kg2 Kg7 50. b5 axb5 51. axb5 cxb5 52. Rxb5 Rc4
53. Rb7+ Kg6 54. Rc7 d4 55. c6 d3 56. Kf3 Rc2 57. Ke3 Rxh2 58. Kxd3 Rh1 59. Rc8
Rc1 60. c7 Kh5 61. Ke4 h6 62. Kf5 Rc2 63. Ke6 Rc1 64. Kd7 Rd1+ 65. Kc6 Rc1+ 66.
Kd6 Rd1+ 67. Kc6 Rc1+ 68. Kd6 Rd1+ 69. Kc6 Rc1+ 1/2-1/2

[Event "Championnat de France - Open C"]
[Site "Caen"]
[Date "2011.08.24"]
[Round "8.4"]
[White "Apap, Hugo"]
[Black "Saucey, Capucine"]
[Result "0-1"]
[WhiteElo "1606"]
[BlackElo "1788"]
[PlyCount "102"]

1. d4 d5 2. Bf4 Bf5 3. e3 Nf6 4. Nf3 e6 5. Be2 Nbd7 6. a3 Bd6 7. Bxd6 cxd6 8.
Nh4 Bg6 9. Nxg6 hxg6 10. Nc3 a6 11. f3 Rc8 12. O-O Qb6 13. Rb1 e5 14. Qd2 O-O
15. h4 Qc6 16. Rbc1 Nb6 17. g4 Rfe8 18. Rfd1 e4 19. f4 Qd7 20. g5 Nh5 21. b3
Qh3 22. Bxh5 gxh5 23. Qe1 f6 24. Nb1 fxg5 25. hxg5 Qg4+ 26. Kh2 g6 27. Qf2 Kg7
28. Rg1 Qf5 29. Qd2 Rc6 30. Qg2 Rec8 31. c3 Rf8 32. Qh3 Qf7 33. Qg2 Nc8 34. a4
Ne7 35. Qe2 Rfc8 36. Rc2 Nf5 37. Rgc1 b5 38. axb5 axb5 39. Na3 Rb8 40. Nxb5
Rcb6 41. c4 dxc4 42. bxc4 d5 43. Na3 Rb3 44. Rc3 Nh4 45. cxd5 Nf3+ 46. Kg2 Qf5
47. Qf2 h4 48. Nc4 Qg4+ 49. Kf1 Rxc3 50. Rxc3 Rb1+ 51. Ke2 Nxd4+ 0-1

[Event "Championnat de France - Open C"]
[Site "Caen"]
[Date "2011.08.24"]
[Round "8.5"]
[White "Le Bail, Stephane"]
[Black "Braun, Jean-Baptiste"]
[Result "1/2-1/2"]
[WhiteElo "1776"]
[BlackElo "1702"]
[PlyCount "112"]

1. d4 g6 2. Bf4 Bg7 3. e3 d6 4. Nf3 Nf6 5. Be2 O-O 6. O-O Bg4 7. h3 Bxf3 8.
Bxf3 c6 9. Nd2 Nbd7 10. c3 Re8 11. Nc4 d5 12. Ne5 Nxe5 13. Bxe5 Nd7 14. Bg3 e5
15. Qb3 Qb6 16. Qc2 e4 17. Be2 f5 18. c4 Nf6 19. c5 Qd8 20. b4 a6 21. a4 Nh5
22. Bh2 Rf8 23. b5 Qh4 24. Bd6 Rf7 25. bxc6 bxc6 26. Rab1 Bf8 27. Rb8 Rxb8 28.
Bxb8 f4 29. exf4 Nxf4 30. Bxf4 Qxf4 31. g3 Qf6 32. Qd2 a5 33. Qe3 Bg7 34. Rd1
Rb7 35. Qd2 Rb4 36. Qc2 Qf8 37. Rb1 Bxd4 38. Rf1 Rb2 39. Qd1 Qxc5 40. Kg2 Qc2
41. Qxd4 Qxe2 42. Qe5 Qf3+ 43. Kg1 Rc2 44. Qe8+ Kg7 45. Qe7+ Kh6 46. Qh4+ Qh5
47. Qf4+ Qg5 48. Qf8+ Kh5 49. g4+ Kh4 50. Qd6 Rc3 51. f4 Rg3+ 52. Kf2 Rf3+ 53.
Ke2 Qh6 54. Rxf3 exf3+ 55. Kxf3 Qg7 56. Qxc6 Qd4 1/2-1/2

[Event "Championnat de France - Open C"]
[Site "Caen"]
[Date "2011.08.24"]
[Round "8.6"]
[White "Hoerdt, Audran"]
[Black "Drochon, Francois"]
[Result "1-0"]
[WhiteElo "1707"]
[BlackElo "1763"]
[PlyCount "71"]

1. e4 c6 2. d4 d5 3. e5 Bf5 4. g4 Bg6 5. h4 h6 6. h5 Bh7 7. e6 Qd6 8. exf7+
Kxf7 9. Nf3 Be4 10. Ne5+ Ke8 11. f3 Bh7 12. c3 Nd7 13. Bf4 Nxe5 14. Bxe5 Qe6
15. Bd3 Bxd3 16. Qxd3 Nf6 17. Nd2 Nd7 18. Qe3 Nxe5 19. dxe5 g5 20. hxg6 Qxg6
21. O-O-O Bg7 22. f4 e6 23. Nf3 Rf8 24. Nh4 Qe4 25. Qxe4 dxe4 26. Ng6 Rg8 27.
Rhe1 Rd8 28. Rxe4 Kf7 29. f5 Rxd1+ 30. Kxd1 Rd8+ 31. Rd4 Rxd4+ 32. cxd4 exf5
33. gxf5 h5 34. Ke2 Bh6 35. Kf3 Bg5 36. Nf4 1-0

[Event "Championnat de France - Open C"]
[Site "Caen"]
[Date "2011.08.24"]
[Round "8.7"]
[White "Chameret, Jean"]
[Black "Cepisul, Desire"]
[Result "1/2-1/2"]
[WhiteElo "1705"]
[BlackElo "1772"]
[PlyCount "77"]

1. d4 d5 2. c4 c6 3. Nc3 e6 4. Nf3 dxc4 5. e3 b5 6. a4 Bb4 7. Bd2 a5 8. Ne5 Bb7
9. b3 Bxc3 10. Bxc3 b4 11. Bd2 c3 12. Bc1 Nf6 13. f3 Nbd7 14. Nc4 Qc7 15. e4
Ba6 16. e5 Bxc4 17. Bxc4 Nd5 18. Bxd5 cxd5 19. Qe2 Qb6 20. Be3 O-O 21. g4 Qa6
22. g5 Qxe2+ 23. Kxe2 Rac8 24. h4 Rc7 25. h5 Rfc8 26. Rhc1 Nb8 27. Kd3 Nc6 28.
Kc2 Ne7 29. Rh1 Nf5 30. Bf2 Ne7 31. Rag1 Kf8 32. Rh2 Ke8 33. h6 g6 34. Be3 Nf5
35. Bf2 Kd7 36. Rhh1 Rb8 37. Ra1 Ne7 38. Rhd1 Nc8 39. Rab1 1/2-1/2

[Event "Championnat de France - Open C"]
[Site "Caen"]
[Date "2011.08.24"]
[Round "8.8"]
[White "Bricquir, Stephane"]
[Black "Wolfangel, Claude"]
[Result "1-0"]
[WhiteElo "1703"]
[BlackElo "1751"]
[PlyCount "77"]

1. d4 Nf6 2. Nf3 e6 3. c4 b6 4. g3 Bb7 5. Bg2 Be7 6. O-O O-O 7. Nc3 Ne4 8. Bd2
f5 9. Ne5 d6 10. Nd3 c5 11. Nf4 Qd7 12. d5 exd5 13. Nfxd5 Bxd5 14. Nxd5 Nc6 15.
Bc3 Nxc3 16. bxc3 Rae8 17. Nxb6 axb6 18. Qd5+ Kh8 19. Qxc6 Qa7 20. a4 Bf6 21.
Ra3 Rxe2 22. Rfa1 Rfe8 23. a5 Re1+ 24. Rxe1 Rxe1+ 25. Bf1 h6 26. Qxb6 Qa8 27.
Qxd6 Rxf1+ 28. Kxf1 Qh1+ 29. Ke2 Qe4+ 30. Kd2 Bg5+ 31. f4 Qg2+ 32. Kc1 Qg1+ 33.
Qd1 Qe3+ 34. Qd2 Qg1+ 35. Kc2 Bf6 36. a6 Qh1 37. a7 Qe4+ 38. Kb2 Qb7+ 39. Ka2
1-0

[Event "Championnat de France - Open C"]
[Site "Caen"]
[Date "2011.08.24"]
[Round "8.9"]
[White "Roussette, Stephane"]
[Black "Dieuleveut, Floriane"]
[Result "0-1"]
[WhiteElo "1749"]
[BlackElo "1699"]
[PlyCount "96"]

1. e4 c5 2. Nc3 Nc6 3. g3 g6 4. Bg2 Bg7 5. d3 e6 6. Be3 d6 7. f4 Nge7 8. Nf3
O-O 9. O-O Qb6 10. Rb1 d5 11. Bf2 Qa5 12. d4 dxe4 13. Nxe4 cxd4 14. Nxd4 Qxa2
15. Qd3 Rd8 16. c3 Nxd4 17. cxd4 Qa4 18. Qa3 Qxa3 19. bxa3 Rb8 20. Rfd1 Nf5 21.
Rb4 a5 22. Ra4 b6 23. g4 Bd7 24. Rc4 Bb5 25. Rc7 Nxd4 26. Bxd4 Bxd4+ 27. Kh1
Be5 28. Rcc1 Bxf4 29. Rb1 Bd3 30. Ra1 Be5 31. Ra2 Bc4 32. Rad2 Rxd2 33. Rxd2
Rc8 34. Nd6 Bxd6 35. Rxd6 Bb3 36. Bb7 Rc1+ 37. Kg2 b5 38. Rb6 Bc4 39. Ba6 Rb1
40. a4 Bd5+ 41. Kg3 Rb3+ 42. Kf4 f6 43. g5 Rf3+ 44. Kg4 f5+ 45. Kh4 bxa4 46.
Bc8 a3 47. Ra6 a2 48. Rxa5 Rf1 0-1

[Event "Championnat de France - Open C"]
[Site "Caen"]
[Date "2011.08.24"]
[Round "8.10"]
[White "Conchon, Jean-Paul"]
[Black "Viot, Gabriel"]
[Result "0-1"]
[WhiteElo "1744"]
[BlackElo "1658"]
[PlyCount "75"]

1. e4 c5 2. d4 cxd4 3. c3 dxc3 4. Nxc3 Nc6 5. Nf3 e6 6. Bc4 Nge7 7. O-O Ng6 8.
Qe2 Be7 9. Rd1 a6 10. Be3 O-O 11. Rac1 b5 12. Bb3 Na5 13. e5 Nxb3 14. axb3 Bb7
15. Bd4 Nf4 16. Qe3 Nd5 17. Nxd5 Bxd5 18. Bb6 Qb8 19. Bc7 Qb7 20. Ne1 Rfc8 21.
Bd6 Bxd6 22. exd6 Rc6 23. Rxc6 dxc6 24. Nd3 Qd7 25. Qg3 Rd8 26. Qg5 Qxd6 27.
Nf4 Qf8 28. Nh5 f6 29. Qh4 Bxb3 30. Rxd8 Qxd8 31. Qg4 Qd1+ 32. Qxd1 Bxd1 33.
Nf4 Kf7 34. b4 c5 35. bxc5 b4 36. c6 Ke7 37. Nxe6 Kxe6 38. c7 0-1

[Event "Championnat de France - Open C"]
[Site "Caen"]
[Date "2011.08.25"]
[Round "9.1"]
[White "David, Sebastien"]
[Black "Malassagne, Isabelle"]
[Result "0-1"]
[WhiteElo "1763"]
[BlackElo "1704"]
[PlyCount "58"]

1. Nf3 c5 2. c4 Nf6 3. Nc3 g6 4. g3 Bg7 5. Bg2 O-O 6. d4 cxd4 7. Nxd4 Nc6 8. e3
Rb8 9. O-O Ne5 10. b3 d6 11. Bb2 Bd7 12. Qd2 Qc8 13. Rac1 Bh3 14. Nd5 Re8 15.
Nb5 Bxg2 16. Kxg2 Qf5 17. Bxe5 Qxe5 18. Nxf6+ Bxf6 19. Nxa7 Red8 20. Nb5 d5 21.
Nd4 dxc4 22. Rxc4 Qd5+ 23. e4 Qxe4+ 24. Nf3 Qxf3+ 25. Kxf3 Rxd2 26. Rfc1 Rxa2
27. Rc8+ Rxc8 28. Rxc8+ Kg7 29. Rc7 b6 0-1

[Event "Championnat de France - Open C"]
[Site "Caen"]
[Date "2011.08.25"]
[Round "9.2"]
[White "Saucey, Capucine"]
[Black "Rost, Pierre"]
[Result "1-0"]
[WhiteElo "1788"]
[BlackElo "1783"]
[PlyCount "37"]

1. e4 c5 2. c3 d5 3. exd5 Qxd5 4. d4 Nf6 5. Nf3 Bg4 6. Be2 Nc6 7. c4 Qd6 8. d5
Bxf3 9. Bxf3 Nd4 10. Nc3 e6 11. O-O exd5 12. Re1+ Be7 13. Bxd5 Nxd5 14. Nxd5
Ne6 15. f4 O-O-O 16. Qa4 a6 17. Be3 Rhe8 18. f5 Nc7 19. Bf4 1-0

[Event "Championnat de France - Open C"]
[Site "Caen"]
[Date "2011.08.25"]
[Round "9.4"]
[White "Dieuleveut, Floriane"]
[Black "Le Bail, Stephane"]
[Result "0-1"]
[WhiteElo "1699"]
[BlackElo "1776"]
[PlyCount "114"]

1. e4 e5 2. d4 exd4 3. c3 Nc6 4. cxd4 Bb4+ 5. Nc3 Qh4 6. Qd3 Nf6 7. e5 Qe4+ 8.
Be3 Qxd3 9. Bxd3 Nd5 10. Kd2 Nxe3 11. Kxe3 Bxc3 12. bxc3 b6 13. Nf3 Bb7 14.
Rhe1 Ne7 15. Kd2 O-O 16. Ng5 h6 17. Ne4 Ng6 18. Re3 Nf4 19. Bc2 Rad8 20. Rf3
Ne6 21. h4 Bxe4 22. Bxe4 d6 23. Kc2 dxe5 24. dxe5 Nc5 25. Bf5 Rd5 26. e6 Nxe6
27. g4 Rfd8 28. Rh1 Rc5 29. Kb3 g6 30. Bxe6 fxe6 31. Rf6 Rd3 32. Rc1 Kg7 33.
Rxe6 Rf3 34. Re7+ Rf7 35. Rce1 Rxe7 36. Rxe7+ Kf6 37. Rh7 h5 38. g5+ Kf5 39.
Rd7 Kg4 40. Rd4+ Kf3 41. Rd2 a5 42. a4 Rc6 43. c4 Rd6 44. Rc2 c5 45. Kc3 Kg4
46. f4 Kxh4 47. Rg2 Kh3 48. Rg1 Kh2 49. Rf1 Kg2 50. Rb1 h4 51. Rb2+ Kg3 52. f5
gxf5 53. Rb1 Rg6 54. Kd3 h3 55. Ke3 Re6+ 56. Kd3 h2 57. Rc1 f4 0-1

[Event "Championnat de France - Open C"]
[Site "Caen"]
[Date "2011.08.25"]
[Round "9.5"]
[White "Braun, Jean-Baptiste"]
[Black "Dubois, Marie"]
[Result "0-1"]
[WhiteElo "1702"]
[BlackElo "1755"]
[PlyCount "72"]

1. e4 c5 2. d3 e6 3. f4 d5 4. e5 Nc6 5. Nf3 Be7 6. c3 Nh6 7. Be2 Nf5 8. O-O O-O
9. Na3 a6 10. Nc2 d4 11. g4 Nh4 12. Nxh4 Bxh4 13. Bf3 Be7 14. Bxc6 bxc6 15. c4
f6 16. Ne1 fxe5 17. fxe5 Rxf1+ 18. Kxf1 Qe8 19. Qf3 Bd7 20. Ke2 Qg6 21. Ng2 Rf8
22. Qg3 h5 23. Nf4 Qxg4+ 24. Qxg4 hxg4 25. Ng6 Re8 26. Nxe7+ Rxe7 27. Bg5 Re8
28. Rg1 Rb8 29. Bc1 Be8 30. Rf1 Bg6 31. Kd2 Bf5 32. Rxf5 exf5 33. Ke2 Re8 34.
Bf4 Kf7 35. h4 gxh3 36. Bh2 g5 0-1